Un home de combat (Record no. 108239)

MARC details
000 -LEADER
campo de control de longitud fija 00464nam a2200157 4500
001 - NÚMERO DE CONTROL
campo de control 108239
003 - IDENTIFICADOR DE NÚMERO DE CONTROL
campo de control ES-MaACL
005 - FECHA Y HORA DE LA ÚLTIMA TRANSACCIÓN
campo de control 20230906184615.0
007 - CAMPO FIJO DE DESCRIPCIÓN FÍSICA--INFORMACIÓN GENERAL
campo de control de longitud fija t|
008 - DATOS DE LONGITUD FIJA--INFORMACIÓN GENERAL
campo de control de longitud fija 061121s1962 sp r ||||1| cat d
100 1# - ENTRADA PRINCIPAL--NOMBRE DE PERSONA
Nombre de persona Moll, Francesc de B. (
Fechas asociadas al nombre 1903-1991)
9 (RLIN) 82033
245 13 - MENCIÓN DEL TÍTULO
Título Un home de combat
Resto del título : ( Mossén Alcover) /
Mención de responsabilidad, etc. Francesc de B. Moll.
260 ## - PUBLICACIÓN, DISTRIBUCIÓN, ETC.
Lugar de publicación, distribución, etc. Palma de Mallorca,
Fecha de publicación, distribución, etc. 1962.
300 ## - DESCRIPCIÓN FÍSICA
Extensión 322 p., 14 lám ;
Dimensiones 15 cm.
852 ## - LOCALIZACIÓN
Ubicación ES-MaACL
Número de control de estantería C-25673
Sublocalización o colección R.49832
Holdings
Estatus retirado Estado de pérdida Estado de daño No para préstamo Biblioteca de origen Biblioteca actual Ubicación en estantería Fecha de adquisición Fuente de adquisición Total de préstamos Signatura topográfica completa Código de barras Visto por última vez Precio de reemplazo Tipo de ítem Koha
        Biblioteca del Ateneo de Madrid Biblioteca del Ateneo de Madrid Depósito 2 17/01/2008     C-25673 1112945 23/02/2023 23/02/2023 Libro impreso